000 00470nam a2200181Ia 4500
001 3839
005 20260306145713.0
008 260306t2004||||xx |||||||||||||| ||spa||
041 _aESP
082 _a303.625
_bH51
100 _aHidalgo Morey, Teodoro
_eAUT
245 0 _aSendero luminoso:
_bsubversión y contrasubversión. Historia y tragedia
260 _c2004
300 _a294 páginas :
_c21 cm.
650 _aGEN
654 _aCHU
942 _cLIB
_dJUS
_fJUS
_2ddc
_n
999 _c3839
_d3839